Statistics for Europa Universalis IV (EU4) Country Nicknames

Click here to take the quiz!

General Stats

  • This quiz has been taken 1,088 times
  • The average score is 16 of 20

Answer Stats

HintAnswer% Correct
Big Blue BlobFrance
99%
HabsburgerAustria
98%
CommonwealthPoland
96%
ConquistadorsSpain
94%
PopeThe Papal State
93%
KebabOttomans
92%
Kalmar UnionDenmark
91%
150% disciplinePrussia
89%
Infinite manpowerRussia
89%
Mediterranean tradeVenice
87%
The ReichGermany
83%
TsarMuscovy
83%
Defender of EuropeHungary
77%
ColoniesEngland
75%
Kebab Removal ServiceSerbia
75%
Doomed Balkan stateAlbania
70%
HamburgerUnited States
61%
JerusalemThe Knights
59%
Speedbump for ^Novgorod
58%
TimebombTimurids
44%

Score Distribution

Percentile by Number Answered

Percent of People with Each Score

Your Score History

You have not taken this quiz